[Event "Moscow op-A 17th"]
[Site "Moscow"]
[Date "2021.02.26"]
[Round "7"]
[White "Voronin, Nikita1111"]
[Black "Isaev, Magomed"]
[Result "0-1"]
[WhiteElo "1732"]
[BlackElo "2196"]
[PlyCount "68"]
[EventDate "2021.02.20"]
[EventType "swiss"]
[EventRounds "9"]
[EventCountry "RUS"]
[SourceTitle "CBM 200 Extra"]
[Source "ChessBase"]
[SourceDate "2021.03.31"]
[SourceVersion "1"]
[SourceVersionDate "2021.03.31"]
[SourceQuality "1"]

1. d4 d5 2. c4 c6 3. Nc3 Nf6 4. Nf3 g6 5. g3 Bg7 6. Bg2 0-0 7. 0-0 dxc4 8. Ne5 Be6 9. e4 Nbd7 10. f4 Qb6 11. Kh1 Rad8 12. Nf3 Bg4 13. h3 Bxf3 14. Bxf3 e5 15. d5 cxd5 16. exd5 Rfe8 17. Qc2 e4 18. Nxe4 Nxe4 19. Bxe4 Nf6 20. Bf3 Qc5 21. Bd2 Nxd5 22. Rac1 b5 23. a4 a6 24. Kh2 Nb4 25. Bxb4 Qxb4 26. Rf2 Rd3 27. axb5 Bd4 28. Re2 Rxe2+ 29. Bxe2 Rd2 30. Qe4 Qxb2 31. Re1 axb5 32. Kh1 c3 33. Rb1 Rxe2 34. Qa8+ Kg7 0-1

[Event "RUS-ch U18"]
[Site "Rybinsk"]
[Date "2001.??.??"]
[Round "1"]
[White "Bedirov, Timur"]
[Black "Isaev, Magomed"]
[Result "1-0"]
[WhiteElo "2194"]
[BlackElo "2321"]
[PlyCount "62"]
[EventDate "2001.02.??"]
[EventType "swiss"]
[EventRounds "10"]
[EventCountry "RUS"]
[SourceTitle "EXT 2002"]
[Source "ChessBase"]
[SourceDate "2001.11.25"]
[SourceVersion "1"]
[SourceVersionDate "2001.11.25"]
[SourceQuality "1"]

1. d4 Nf6 2. c4 g6 3. Nc3 d5 4. cxd5 Nxd5 5. e4 Nxc3 6. bxc3 Bg7 7. Bc4 c5 8. Ne2 0-0 9. 0-0 Nc6 10. Be3 cxd4 11. cxd4 Bg4 12. f3 Na5 13. Bd3 Be6 14. d5 Bxa1 15. Qxa1 f6 16. Rb1 Bf7 17. Bh6 Re8 18. Bb5 Qb6+ 19. Nd4 Red8 20. Be8 Qc5 21. Bxf7+ Kxf7 22. Rb5 Qa3 23. Ne6 Rdc8 24. e5 g5 25. Nxg5+ Kg6 26. Qb1+ f5 27. Nf7 Rc5 28. g4 Kxf7 29. Qxf5+ Ke8 30. Qf8+ Kd7 31. e6+ Kd6 1-0